Desde el tendido (Record no. 163805)

MARC details
000 -LEADER
campo de control de longitud fija 00805nam a22001695i 4500
001 - NÚMERO DE CONTROL
campo de control 163805
003 - IDENTIFICADOR DE NÚMERO DE CONTROL
campo de control ES-MaACL
005 - FECHA Y HORA DE LA ÚLTIMA TRANSACCIÓN
campo de control 20230906212820.0
008 - DATOS DE LONGITUD FIJA--INFORMACIÓN GENERAL
campo de control de longitud fija 050718s1871 sp | |||||||| ||spa d
040 ## - FUENTE DE CATALOGACIÓN
Centro catalogador/agencia de origen CAM
Lengua de catalogación spa
Centro/agencia transcriptor CAM
100 1# - ENTRADA PRINCIPAL--NOMBRE DE PERSONA
Nombre de persona Rodríguez Rubí, Juan.
9 (RLIN) 131952
245 10 - MENCIÓN DEL TÍTULO
Título Desde el tendido
Resto del título : comedia en un acto y en verso /
Mención de responsabilidad, etc. original de Juan Rodríguez Rubí.
260 ## - PUBLICACIÓN, DISTRIBUCIÓN, ETC.
Lugar de publicación, distribución, etc. Madrid :
Nombre del editor, distribuidor, etc. Libería de Cuesta,
Fecha de publicación, distribución, etc. 1871 (
Fabricante Tipog. de G. Estrada)
300 ## - DESCRIPCIÓN FÍSICA
Extensión 32 p. ;
Dimensiones 18 cm.
500 ## - NOTA GENERAL
Nota general En port.: Estrenada en el teatro Martin de esta corte, en la noche del 15 de diciembre de 1871.
852 ## - LOCALIZACIÓN
Ubicación ES-MaACL
Número de control de estantería F-8586(1)
Nota libre -- Enc. pasta española
-- -- Dedicatoria ms.: del autor a Francisco Domingo
-- -- Enc. en un vol. facticio, formando parte de la col. facticia: "Teatro español moderno" vol. 39
Holdings
Estatus retirado Estado de pérdida Estado de daño No para préstamo Colección Biblioteca de origen Biblioteca actual Ubicación en estantería Fecha de adquisición Total de préstamos Signatura topográfica completa Código de barras Visto por última vez Precio de reemplazo Tipo de ítem Koha
        Libros del s. XIX Biblioteca del Ateneo de Madrid Biblioteca del Ateneo de Madrid Sala Pecera Planta 2 17/01/2008   F-8586(1) 1171666 23/02/2023 23/02/2023 Libro impreso antiguo